000 00425nam a2200169Ia 4500
003 GCL
008 140319s9999 xx 000 0 eng d
040 _aGCL /
_cGCL
082 0 4 _a979.8
_bG S
100 1 _aGRUENING, ERNEST
245 1 0 _aTHE STATE OF ALSKA /
_cGRUENING, ERNEST
260 _a[S.N] :
_bRANDOM HOUSE INC, ،
_c1968
300 _a661 P
650 0 4 _aHISTORY
650 0 4 _aALASKA - HISTORY
942 _2ddc
_cBK
999 _c13964
_d13964